| 000 | 00000nam##2200000za#4500 |
| 001 | 9.625378 |
| 003 | CaOODSP |
| 005 | 20210420090206 |
| 007 | ta |
| 008 | 150406|2000||||xxc||||| f|0| 0 fre|d |
| 020 | |a0-662-84885-3 |
| 040 | |aCaOODSP|bfre |
| 043 | |an-cn--- |
| 086 | 1 |aH42-2/67-20-2000F |
| 110 | 1 |aCanada. |bDirection générale des produits de santé et des aliments. |
| 245 | 10|aQualité des produits issus de la biotechnologie : |bévaluation de la stabilité des produits biologiques ou issus de la biotechnologie / |cPublié par le Conférence internationale sur l'harmonisation des exigences techniques relatives à l'homologation des produits pharmaceutiques à l'usage humain. |
| 260 | |aOttawa - Ontario : |bSanté Canada. |c2000. |
| 300 | |aii, 12p. ; |c28 cm. |
| 490 | 1 |aLigne directrice à l'intention de l'industrie|vICH thème Q5C |
| 563 | |aFeuilles mobiles |
| 590 | |a01-08|b2001-02-23 |
| 691 | 07|aBiotechnologie|2gcpds |
| 691 | 07|aProduit biochimique|2gcpds |
| 691 | 07|aTest|2gcpds |
| 776 | 0#|tQualité des produits issus de la biotechnologie : |w(CaOODSP)9.603928 |
| 830 | #0|aLigne directrice à l'intention de l'industrie ;|vICH thème Q5C|w(CaOODSP)9.513090 |